Rules of thumb for chemical engineers / (Record no. 18749)
[ view plain ]
| 000 -LEADER | |
|---|---|
| fixed length control field | 01030cam a22002897a 4500 |
| 001 - CONTROL NUMBER | |
| control field | 17541289 |
| 005 - DATE AND TIME OF LATEST TRANSACTION | |
| control field | 20141210154603.0 |
| 008 - FIXED-LENGTH DATA ELEMENTS--GENERAL INFORMATION | |
| fixed length control field | 121127s2012 xxkadk frbf 001 0 eng d |
| 010 ## - LIBRARY OF CONGRESS CONTROL NUMBER | |
| LC control number | 2012472495 |
| 020 ## - INTERNATIONAL STANDARD BOOK NUMBER | |
| International Standard Book Number | 9780123877857 (pbk.) |
| 020 ## - INTERNATIONAL STANDARD BOOK NUMBER | |
| International Standard Book Number | 0123877857 (pbk.) |
| 040 ## - CATALOGING SOURCE | |
| Original cataloging agency | UKMGB |
| Transcribing agency | UKMGB |
| Modifying agency | BTCTA |
| -- | YDXCP |
| -- | OCLCO |
| -- | BWX |
| -- | YNK |
| -- | CUS |
| -- | DLC |
| -- | EG-ScBUE |
| 082 00 - DEWEY DECIMAL CLASSIFICATION NUMBER | |
| Classification number | 660 |
| Edition number | 22 |
| Item number | HAL |
| 100 1# - MAIN ENTRY--PERSONAL NAME | |
| Personal name | Hall, Stephen |
| 9 (RLIN) | 36861 |
| 245 10 - TITLE STATEMENT | |
| Title | Rules of thumb for chemical engineers / |
| Statement of responsibility, etc | Stephen Hall. |
| 250 ## - EDITION STATEMENT | |
| Edition statement | 5th ed. |
| 260 ## - PUBLICATION, DISTRIBUTION, ETC. (IMPRINT) | |
| Place of publication, distribution, etc | Oxford, United Kingdom ; |
| -- | Waltham, United States : |
| Name of publisher, distributor, etc | Butterworth-Heinemann, |
| -- | Elsevier, |
| Date of publication, distribution, etc | 2012. |
| 300 ## - PHYSICAL DESCRIPTION | |
| Extent | x, 441 p. : |
| Other physical details | charts, forms, tables ; |
| Dimensions | 28 cm. |
| 490 0# - Series Statement | |
| Series statement | IChemE advancing chemical engineering worldwide |
| 500 ## - GENERAL NOTE | |
| General note | Includes appendixes. |
| 500 ## - GENERAL NOTE | |
| General note | Index : p. 433-441. |
| 504 ## - BIBLIOGRAPHY, ETC. NOTE | |
| Bibliography, etc | Includes bibliographical references.<br/> |
| 650 #0 - SUBJECT ADDED ENTRY--TOPICAL TERM | |
| Topical term or geographic name as entry element | Chemical engineering |
| Form subdivision | Handbooks, manuals, etc. |
| 9 (RLIN) | 27698 |
| 653 ## - INDEX TERM--UNCONTROLLED | |
| Resource For college | |
| Arrived date list | December2014 |
| 655 ## - INDEX TERM--GENRE/FORM | |
| Form subdivision | |
| -- | 34232 |
| 942 ## - ADDED ENTRY ELEMENTS (KOHA) | |
| Source of classification or shelving scheme | Dewey Decimal Classification |
| Call number prefix | 660 HAL |
| Withdrawn status | Item status | Source of classification or shelving scheme | Damaged status | Not for loan | Vendor | Home library | Current library | Shelving location | Date acquired | Source of acquisition | Cost, normal purchase price | Serial Enumeration / chronology | Total Checkouts | Full call number | Barcode | Date last seen | Cost, replacement price | Koha item type |
|---|---|---|---|---|---|---|---|---|---|---|---|---|---|---|---|---|---|---|
| Dewey Decimal Classification | Baccah | Central Library | Central Library | First floor | 10/12/2014 | 1061.00 | 20677 | 660 HAL | 000037143 | 15/07/2025 | 1326.25 | NB - Book (Non borrowing) |